|
|
|
|
| LEADER |
00000cab a2200000ua 4500 |
| 001 |
vtls010887692 |
| 003 |
SK-MaSNL |
| 005 |
20260304003051.0 |
| 008 |
230121|2010 xo |||||||||||||||||eng| |
| 015 |
|
|
|a SNBRB
|
| 035 |
|
|
|a (urnnbn)urn:nbn:sk:snk:ar-003wmi
|
| 035 |
|
|
|a (uuid)0c1e5ef5-934d-490a-aa9a-88dd6aedaf5e
|
| 035 |
|
|
|a urn:nbn:sk:snk-ab8idf
|
| 040 |
|
|
|a SNKBUCL
|b slo
|c SNKBUCL
|e AACR2
|
| 041 |
0 |
|
|a eng
|b eng
|b ger
|
| 044 |
|
|
|a xo
|c SK
|
| 080 |
|
|
|a 2-732.3/.4
|2 2011
|
| 080 |
|
|
|a 82‑94
|2 2011
|
| 080 |
|
|
|a (093.3)
|2 2011
|
| 080 |
|
|
|a 82-94
|2 2011
|
| 080 |
|
|
|a (048.8)
|2 2011
|
| 100 |
1 |
|
|a Dvořáková, Daniela,
|d 1965-
|4 aut
|9 103354
|
| 245 |
1 |
4 |
|a The Chronicle of Ulrich Richental as an Exceptional Source for the History of Slovakia
|c Daniela Dvořáková
|
| 504 |
|
|
|a Bibliogr. odkazy
|
| 546 |
|
|
|a Res. angl., nem.
|
| 600 |
1 |
7 |
|a Richental, Ulrich
|2 SNK
|9 1281185
|
| 600 |
1 |
7 |
|a Hus, Jan,
|d asi 1371-1415
|2 SNKMA
|9 190331
|
| 600 |
0 |
7 |
|a Žigmund Luxemburský,
|c rímsky cisár,
|d 1368-1437
|2 SNKMA
|9 81414
|
| 610 |
2 |
7 |
|a Katolícka cirkev.
|b Kostnický koncil
|d (1414-1418)
|2 SNKKA
|9 240259
|
| 650 |
0 |
7 |
|a koncily
|2 SNKPH
|9 4149
|
| 650 |
0 |
7 |
|a kronikári
|2 SNKPH
|9 30439
|
| 650 |
0 |
7 |
|a kroniky
|2 SNKPH
|9 29539
|
| 651 |
|
7 |
|a Uhorsko
|x dejiny
|2 SNKPH
|9 56334
|
| 655 |
|
7 |
|a štúdie
|2 SNKPH
|9 57033
|
| 773 |
0 |
|
|t Historický časopis = Historical Journal
|g Roč. 58, č. Supplement (2010), s. 3-21
|
| 954 |
|
|
|a odborná, vedecká literatúra pôvodná (slovenská)
|2 lita
|
| 958 |
|
|
|a SP
|
| 958 |
|
|
|a NB
|
| 958 |
|
|
|a HU
|
| 958 |
|
|
|a LX
|
| 958 |
|
|
|a OND
|
| 958 |
|
|
|a EUIPO
|
| 958 |
|
|
|a article10
|
| 999 |
|
|
|c 2545240
|d 2547170
|